BASIC BIOMECHANICS OF THE MUSCULOSKELETAL SYSTEM (Record no. 23292)

MARC details
000 -LEADER
fixed length control field 00445nam a22001697a 4500
003 - CONTROL NUMBER IDENTIFIER
control field SGT
020 ## - INTERNATIONAL STANDARD BOOK NUMBER
International Standard Book Number 9781975175337
082 ## - DEWEY DECIMAL CLASSIFICATION NUMBER
Classification number 615.83
Item number B22N
100 ## - MAIN ENTRY--PERSONAL NAME
Personal name NORDIN, MARGARETA
245 ## - TITLE STATEMENT
Title BASIC BIOMECHANICS OF THE MUSCULOSKELETAL SYSTEM
250 ## - EDITION STATEMENT
Edition statement 5TH
260 ## - PUBLICATION, DISTRIBUTION, ETC. (IMPRINT)
Place of publication, distribution, etc PHILADELPHIA
Name of publisher, distributor, etc WOLTERS KLUWER PUB
Year of Publication 2022
300 ## - PAGE DESCRIPTION
No. of Pages 499
650 ## - SUBJECT ADDED ENTRY--TOPICAL TERM
Topical term or geographic name as entry element PHYSIOTHERAPY
653 ## - KEYWORDS--INDEX TERM
Keyword term BASIC BIOMECHANICS OF THE MUSCULOSKELETAL SYSTEM
942 ## - ADDED ENTRY ELEMENTS (KOHA)
Source of classification or shelving scheme Dewey Decimal Classification
Koha item type Books
Holdings
Withdrawn status Lost status Source of classification or shelving scheme Damaged status Not for loan Collection code Home library Current library Shelving location Date acquired Vendor Name Cost, normal purchase price Volume Information (Serial or Books or Non-Book Material) SGTU Bill Number Total Checkouts Full call number Accession No. (Barcode) Date last seen Bill Date Koha item type
    Dewey Decimal Classification   Not For Loan MEDICAL SGT Medical Library SGT Medical Library Reference Book 10/09/2022 ABC DELHI 8691.00 $-105.99 SGTU 14815   615.83 B22N FM13153 10/09/2022 27/07/2022 Books